00694cam a22002171 4500001001300000003000400013005001700017008004100034010001700075035001900092040001800111042001200129050001900141110003600160245012100196260002200317300002000339650004400359651005600403999001700459sa 68019927 DLC20260227112721.0750313s1968 xx 000 0 ind  asa 68019927  a(OCoLC)1214148 aDLCcOAUdDLC apremarc00aHE563.I6bA5351 aIndonesia.bDepartemen Maritim.10aPokok² persoalan dibidang maritim dalam rangka koordinasi,brehabilitasi dan stabilisasi ekonomi daerah Kalimantan. a[Djakarta,c1968] a[75] l.c34 cm. 0aShippingzIndonesiazKalimantan Tengah. 0aKalimantan Tengah (Indonesia)xEconomic conditions. c89151d89151